[Event "NAYCC U12"]
[Site "Windsor CAN"]
[Date "2016.08.08"]
[Round "2.110"]
[White "Ge, Jared"]
[Black "Zaid, Daniyal"]
[Result "1-0"]
[WhiteElo "1405"]
[BlackElo "714"]
[PlyCount "61"]
[EventDate "2016.08.07"]
[EventType "swiss"]
[EventRounds "9"]
[EventCountry "CAN"]

1. e4 e5 2. Nf3 Nc6 3. Bc4 Bc5 4. c3 d6 5. d4 exd4 6. cxd4 Bb4+ 7. Bd2 Bxd2+ 8.
Nbxd2 Bg4 9. O-O Nf6 10. Qc2 d5 11. exd5 Nxd5 12. Rfe1+ Nde7 13. Ng5 Qxd4 14.
Bxf7+ Kf8 15. h3 Qf6 16. Nde4 Qf4 17. hxg4 Qxg4 18. Re3 Nf5 19. Rf3 Ncd4 20.
Qc5+ Nd6 21. Bh5+ Nxf3+ 22. Nxf3 Qxh5 23. Qxh5 Nxe4 24. Ne5 Nd6 25. Qf3+ Ke8
26. Rc1 c6 27. Qe3 Rc8 28. Nc4+ Kd7 29. Qh3+ Kc7 30. Qg3 g6 31. Qxd6# 1-0

[Event "NAYCC U12"]
[Site "Windsor CAN"]
[Date "2016.08.08"]
[Round "2.111"]
[White "Asemota, Eghosa"]
[Black "Jeyakumar, Bhavatharshan"]
[Result "0-1"]
[WhiteElo "803"]
[BlackElo "1390"]
[PlyCount "136"]
[EventDate "2016.08.07"]
[EventType "swiss"]
[EventRounds "9"]
[EventCountry "CAN"]

1. e4 c5 2. Nc3 Nc6 3. Nf3 e6 4. e5 Qc7 5. d4 cxd4 6. Nxd4 Nxe5 7. Be2 Bb4 8.
Ndb5 Bxc3+ 9. Nxc3 d5 10. O-O Nf6 11. Bg5 Ned7 12. Bb5 O-O 13. Bxf6 Nxf6 14.
Bd3 Bd7 15. Nb5 Bxb5 16. Bxb5 Qb6 17. Qe2 Rac8 18. c3 a6 19. Bd3 Rfd8 20. Rfd1
Qc7 21. h3 e5 22. Bf5 Rb8 23. Rac1 e4 24. c4 dxc4 25. Rxd8+ Rxd8 26. Rxc4 Qe5
27. Bxe4 Nxe4 28. Rxe4 Qc5 29. Re8+ Rxe8 30. Qxe8+ Qf8 31. Qxf8+ Kxf8 32. Kf1
Ke7 33. Ke2 Kd6 34. g4 Ke5 35. Kf3 g5 36. Kg3 Ke4 37. h4 h6 38. hxg5 hxg5 39.
f3+ Ke3 40. b4 b6 41. a3 b5 42. Kg2 Kf4 43. Kf2 f6 44. Kg2 f5 45. gxf5 Kxf5 46.
Kf2 Kf4 47. Kg2 g4 48. fxg4 Kxg4 49. Kf2 Kf4 50. Ke2 Ke4 51. Kd2 Kd4 52. Kc2
Kc4 53. Kb2 Kd4 54. Kb3 Kd3 55. a4 Kd4 56. axb5 axb5 57. Ka3 Kc4 58. Kb2 Kxb4
59. Kb1 Kb3 60. Ka1 Kc2 61. Ka2 b4 62. Ka1 Kc3 63. Ka2 b3+ 64. Kb1 b2 65. Ka2
Kc2 66. Ka3 b1=Q 67. Ka4 Qb6 68. Ka3 Qb3# 0-1

[Event "NAYCC U12"]
[Site "Windsor CAN"]
[Date "2016.08.08"]
[Round "2.112"]
[White "Kobla, Akshay"]
[Black "Kapoor, Arjun"]
[Result "1-0"]
[WhiteElo "1382"]
[BlackElo "590"]
[PlyCount "65"]
[EventDate "2016.08.07"]
[EventType "swiss"]
[EventRounds "9"]
[EventCountry "CAN"]

1. e4 e5 2. Nf3 d6 3. d4 Nc6 4. Bb5 a6 5. Ba4 b5 6. Bb3 g6 7. c3 Bg7 8. O-O b4
9. Bd5 Nge7 10. Bxc6+ Nxc6 11. d5 Ne7 12. Qa4+ Bd7 13. Qxb4 Rb8 14. Qa3 Qc8 15.
c4 O-O 16. Qd3 c6 17. Nc3 cxd5 18. cxd5 f5 19. Bg5 fxe4 20. Nxe4 Bb5 21. Qa3
Bxf1 22. Bxe7 Rf4 23. Bxd6 Rb7 24. Nc5 Rbf7 25. Rxf1 R7f6 26. Bxe5 Rc4 27. Bxf6
Bxf6 28. Ne6 Rc1 29. b3 Rxf1+ 30. Kxf1 Be7 31. Qxe7 Qc1+ 32. Ne1 Qc8 33. Qg7#
1-0

[Event "NAYCC U12"]
[Site "Windsor CAN"]
[Date "2016.08.08"]
[Round "3.87"]
[White "Tsay, Vincent"]
[Black "Wang, Wesley"]
[Result "0-1"]
[WhiteElo "1789"]
[BlackElo "2131"]
[PlyCount "100"]
[EventDate "2016.08.07"]
[EventType "swiss"]
[EventRounds "9"]
[EventCountry "CAN"]

1. d4 Nf6 2. Bf4 c5 3. d5 d6 4. Nc3 g6 5. e4 Bg7 6. Bd3 O-O 7. Qd2 a6 8. a4 e6
9. Bh6 exd5 10. Bxg7 Kxg7 11. exd5 Nbd7 12. f4 Nb6 13. Be2 Re8 14. O-O-O Bd7
15. h4 Nxa4 16. g4 Qa5 17. Nxa4 Qxd2+ 18. Rxd2 Bxa4 19. Bf3 Re1+ 20. Rd1 Rae8
21. g5 Rxd1+ 22. Kxd1 Ne4 23. Nh3 Bd7 24. Re1 Bxh3 25. Rxe4 Rxe4 26. Bxe4 Bf5
27. Bg2 b5 28. Bf1 c4 29. Bg2 a5 30. Kd2 Kf8 31. b3 cxb3 32. cxb3 b4 33. Bf1
Ke7 34. Kc1 Kd8 35. Bb5 Bd7 36. Bc4 Kc7 37. Kc2 Kb6 38. Kd2 Kc5 39. Bd3 Bb5 40.
Bc2 Kxd5 41. Ke3 Bd7 42. Bd1 Kc5 43. Bc2 Bf5 44. Bd1 d5 45. Kd2 Kd4 46. Bf3 a4
47. bxa4 b3 48. Bd1 b2 49. Bc2 b1=Q 50. Bxb1 Bxb1 0-1

[Event "NAYCC U12"]
[Site "Windsor CAN"]
[Date "2016.08.08"]
[Round "3.89"]
[White "Idnani, Taran"]
[Black "Zhong, Wenxuan"]
[Result "0-1"]
[WhiteElo "1826"]
[BlackElo "1758"]
[PlyCount "134"]
[EventDate "2016.08.07"]
[EventType "swiss"]
[EventRounds "9"]
[EventCountry "CAN"]

1. Nf3 Nf6 2. g3 g6 3. c4 Bg7 4. Bg2 d6 5. d4 O-O 6. O-O Nbd7 7. Nc3 e5 8. e4
Re8 9. h3 b6 10. Re1 Bb7 11. d5 h6 12. Be3 Nf8 13. Qd2 g5 14. b4 Ng6 15. Rac1
a5 16. a3 axb4 17. axb4 Nh5 18. Qd1 Nf6 19. c5 bxc5 20. bxc5 dxc5 21. Bxc5 Nd7
22. Be3 c6 23. Qb3 cxd5 24. Qxb7 d4 25. Red1 Rb8 26. Qd5 Ne7 27. Qa2 Ra8 28.
Qd2 Nc5 29. Qc2 Rc8 30. Nb1 Nd7 31. Qa4 Ra8 32. Qb5 Rb8 33. Qd3 Qb6 34. Bd2 Nc5
35. Qe2 Nb3 36. Rc2 Red8 37. Ne1 d3 38. Nxd3 Nd4 39. Qf1 Nxc2 40. Nc3 Qa6 41.
Nc5 Qxf1+ 42. Bxf1 Nd4 43. Kg2 Nb3 44. Nxb3 Rxb3 45. Na4 Nc6 46. Nc5 Rbb8 47.
Bd3 Bf8 48. Be3 Nd4 49. Na6 Rbc8 50. Kf1 Be7 51. Rb1 Nf3 52. Ke2 Nd4+ 53. Kf1
Rc3 54. Rd1 Kf8 55. Be2 Ke8 56. Bd3 Bd6 57. Bxd4 exd4 58. Bb5+ Ke7 59. Rxd4 Rb3
60. Bc4 Rb1+ 61. Kg2 f6 62. Be2 Rb2 63. Kf3 Rc8 64. Rd3 Rcc2 65. Re3 h5 66. g4
hxg4+ 67. hxg4 Be5 0-1

[Event "NAYCC U12"]
[Site "Windsor CAN"]
[Date "2016.08.08"]
[Round "3.90"]
[White "Hung, Daniel"]
[Black "Doknjas, Neil"]
[Result "1-0"]
[WhiteElo "1812"]
[BlackElo "1693"]
[PlyCount "81"]
[EventDate "2016.08.07"]
[EventType "swiss"]
[EventRounds "9"]
[EventCountry "CAN"]

1. e4 c5 2. Nc3 a6 3. f4 b5 4. g3 Bb7 5. Bg2 Nf6 6. d3 e6 7. Nf3 d6 8. O-O Nc6
9. h3 Be7 10. g4 Qb6 11. Kh1 c4 12. Re1 h5 13. g5 Ng4 14. Qe2 cxd3 15. cxd3 Nb4
16. Rf1 Nc6 17. Nh4 b4 18. Na4 Qb5 19. b3 Nf6 20. Bb2 Nd7 21. Bxg7 Rg8 22. Bb2
e5 23. fxe5 Ndxe5 24. Bxe5 Nxe5 25. Qf2 Bxg5 26. d4 Bxh4 27. Qxh4 Ng6 28. Qf6
Rf8 29. Rac1 Rc8 30. Rxc8+ Bxc8 31. Rc1 Bd7 32. Qxd6 f5 33. Qxg6+ Kd8 34. Qg5+
Ke8 35. exf5 Rxf5 36. Re1+ Kf8 37. Qe7+ Kg8 38. Rg1 Rg5 39. Nc5 Rg7 40. Qd8+
Kh7 41. Be4+ 1-0

[Event "NAYCC U12"]
[Site "Windsor CAN"]
[Date "2016.08.08"]
[Round "3.92"]
[White "Omichi, Haruaki"]
[Black "Balderas, Adolfo"]
[Result "0-1"]
[WhiteElo "1071"]
[BlackElo "1956"]
[PlyCount "56"]
[EventDate "2016.08.07"]
[EventType "swiss"]
[EventRounds "9"]
[EventCountry "CAN"]

1. e4 c5 2. Nf3 Nc6 3. d4 cxd4 4. Nxd4 Nf6 5. Nc3 d6 6. Bc4 g6 7. f3 Bg7 8. Be3
O-O 9. Bb3 Bd7 10. Qd2 Qa5 11. O-O-O Rfc8 12. h4 Ne5 13. g4 Nc4 14. Bxc4 Rxc4
15. Nb3 Qc7 16. h5 Rc8 17. hxg6 hxg6 18. e5 Ne8 19. exd6 Nxd6 20. Bd4 Rxd4 21.
Nxd4 Qa5 22. Kb1 Nc4 23. Qe1 Nxb2 24. Nb3 Qc7 25. Rc1 Qxc3 26. Qxc3 Bxc3 27.
Rh2 Nc4 28. Re2 Na3# 0-1

[Event "NAYCC U12"]
[Site "Windsor CAN"]
[Date "2016.08.08"]
[Round "3.93"]
[White "McNutt, William"]
[Black "Lin, Benjamin"]
[Result "1/2-1/2"]
[WhiteElo "1875"]
[BlackElo "1716"]
[PlyCount "37"]
[EventDate "2016.08.07"]
[EventType "swiss"]
[EventRounds "9"]
[EventCountry "CAN"]

1. d4 d5 2. Nf3 Nf6 3. e3 e6 4. Bd3 Bd6 5. Nbd2 c5 6. b3 Nc6 7. a3 Qc7 8. Bb2
b6 9. Rc1 Bb7 10. c4 Qe7 11. dxc5 bxc5 12. Qe2 d4 13. O-O O-O 14. Rfe1 Rad8 15.
Nf1 Ne5 16. Nxe5 Bxe5 17. Rcd1 Bb8 18. e4 Nd7 19. Bc1 1/2-1/2

[Event "NAYCC U12"]
[Site "Windsor CAN"]
[Date "2016.08.08"]
[Round "3.94"]
[White "Hawthorn, Henry"]
[Black "Idnani, Roshan"]
[Result "0-1"]
[WhiteElo "1486"]
[BlackElo "1860"]
[PlyCount "74"]
[EventDate "2016.08.07"]
[EventType "swiss"]
[EventRounds "9"]
[EventCountry "CAN"]

1. d4 Nf6 2. c4 c5 3. d5 b5 4. cxb5 a6 5. bxa6 g6 6. Nc3 Bxa6 7. Nf3 Bg7 8. e4
Bxf1 9. Kxf1 d6 10. g3 O-O 11. Kg2 Nbd7 12. Re1 Qb6 13. a4 c4 14. Qe2 Rfc8 15.
Be3 Qb4 16. Nd4 Ne5 17. Ncb5 Nxe4 18. f3 Nf6 19. Bd2 Qc5 20. Be3 Nxd5 21. Bg1
Qb4 22. Nc2 Qa5 23. Red1 Nd3 24. Qe4 Nf6 25. Qxe7 Re8 26. Qb7 Re2+ 27. Kh1 Rxc2
28. Nxd6 Rf8 29. Nxc4 Rxc4 30. Rxd3 Rxa4 31. Rc1 Rb4 32. Qe7 Re8 33. Qd6 Rxb2
34. Bd4 Re1+ 35. Rxe1 Qxe1+ 36. Bg1 Qe2 37. Qd8+ Ne8 0-1

[Event "NAYCC U12"]
[Site "Windsor CAN"]
[Date "2016.08.08"]
[Round "3.95"]
[White "Grabinsky, Joshua"]
[Black "Tanaka, Tyler"]
[Result "1/2-1/2"]
[WhiteElo "1704"]
[BlackElo "1620"]
[PlyCount "117"]
[EventDate "2016.08.07"]
[EventType "swiss"]
[EventRounds "9"]
[EventCountry "CAN"]

1. e4 c5 2. Nf3 Nc6 3. d4 cxd4 4. Nxd4 g6 5. Be3 Bg7 6. c4 d6 7. Nc3 Nf6 8. Qd2
Ng4 9. Nxc6 bxc6 10. Bd4 e5 11. Be3 Nxe3 12. Qxe3 O-O 13. Rd1 Qe7 14. c5 dxc5
15. Na4 c4 16. Qc5 Qxc5 17. Nxc5 Rb8 18. Bxc4 Rb4 19. b3 Kh8 20. Rd6 f5 21.
Rxc6 fxe4 22. Rc7 Bf5 23. h3 Rfb8 24. Na6 R8b7 25. Nxb4 Rxc7 26. Ke2 a5 27. Nd5
Rb7 28. Nc3 g5 29. Rd1 Rb8 30. Bd5 Rb4 31. Ke3 Rd4 32. Rc1 g4 33. Ke2 Bh6 34.
Rd1 Rxd1 35. Kxd1 gxh3 36. gxh3 e3 37. fxe3 Bxe3 38. Bg2 Kg7 39. Ke2 Bc5 40.
Kf3 Kf7 41. Kg3 Kg6 42. Be4 Bxe4 43. Nxe4 Be7 44. Kg4 h5+ 45. Kf3 Bh4 46. Nd6
Kf6 47. Ke4 Be1 48. Nc4 Bc3 49. Nb6 Ke6 50. Nd5 Bd2 51. a3 Bc1 52. b4 a4 53. b5
Bxa3 54. Nc3 Bc5 55. Nxa4 Bd4 56. b6 Kd6 57. b7 Kc7 58. Kd5 Kxb7 59. Nc5+
1/2-1/2

[Event "NAYCC U12"]
[Site "Windsor CAN"]
[Date "2016.08.08"]
[Round "3.96"]
[White "Shen, Christopher"]
[Black "Li, Jack"]
[Result "1-0"]
[WhiteElo "2161"]
[BlackElo "1511"]
[PlyCount "87"]
[EventDate "2016.08.07"]
[EventType "swiss"]
[EventRounds "9"]
[EventCountry "CAN"]

1. c4 e5 2. g3 Nc6 3. Bg2 f5 4. Nc3 Nf6 5. d3 Bb4 6. Bd2 O-O 7. e3 d6 8. Nge2
Be6 9. a3 Bxc3 10. Nxc3 Qd7 11. Qa4 Qe8 12. Nd5 Bxd5 13. cxd5 Ne7 14. Qxe8
Rfxe8 15. e4 Rac8 16. Rc1 c6 17. dxc6 Rxc6 18. O-O fxe4 19. dxe4 Rec8 20. Rxc6
bxc6 21. Bc3 Ng6 22. Rd1 Rd8 23. Ba5 Rd7 24. b4 d5 25. Bh3 Re7 26. Bd8 Rb7 27.
Bxf6 gxf6 28. exd5 cxd5 29. Rxd5 Rc7 30. Rd6 Kf7 31. Bf5 Nf8 32. a4 h6 33. b5
Ke7 34. Ra6 Rb7 35. a5 Rc7 36. b6 axb6 37. axb6 Rc1+ 38. Kg2 Rc4 39. Ra7+ Kd6
40. Rf7 Ne6 41. Rxf6 Rb4 42. Rxe6+ Kc5 43. Rxh6 Rxb6 44. Rxb6 1-0

[Event "NAYCC U12"]
[Site "Windsor CAN"]
[Date "2016.08.08"]
[Round "3.97"]
[White "Laurrabaquio Ramirez, Bryan Rica"]
[Black "Huang, Patrick"]
[Result "0-1"]
[WhiteElo "1480"]
[BlackElo "1973"]
[PlyCount "104"]
[EventDate "2016.08.07"]
[EventType "swiss"]
[EventRounds "9"]
[EventCountry "CAN"]

1. e4 c5 2. f4 Nc6 3. Nf3 d6 4. Nc3 g6 5. Bc4 Bg7 6. d3 e6 7. Be3 Nge7 8. Qd2
d5 9. e5 dxc4 10. Nb5 Nf5 11. g4 Nfd4 12. Nfxd4 cxd4 13. Bf2 O-O 14. dxc4 Qa5
15. Qxa5 Nxa5 16. b3 Nc6 17. Nxd4 Nxd4 18. Bxd4 b6 19. O-O-O Bb7 20. Rhf1 Rfe8
21. c5 bxc5 22. Bxc5 Rec8 23. Bd6 a5 24. Kb2 a4 25. c4 Ra6 26. c5 axb3 27. axb3
Rca8 28. Ra1 Rxa1 29. Rxa1 Rxa1 30. Kxa1 Bf8 31. Kb2 Bxd6 32. cxd6 Kf8 33. Kc3
Ke8 34. Kb4 Bd5 35. Ka4 Kd8 36. b4 Bc6+ 37. Ka5 Kc8 38. Kb6 Bd7 39. b5 Be8 40.
Ka6 Kb8 41. Kb6 Kc8 42. h4 Kb8 43. Kc5 Kb7 44. g5 Bd7 45. Kd4 Bxb5 46. Ke3 Bd7
47. Kf3 Kc6 48. Kg4 Kd5 49. Kg3 Kd4 50. Kg2 Ke4 51. Kg3 Ke3 52. Kg4 Kf2 0-1

[Event "NAYCC U12"]
[Site "Windsor CAN"]
[Date "2016.08.08"]
[Round "3.98"]
[White "Huang, Qiuyu"]
[Black "Nath, Naveen"]
[Result "1-0"]
[WhiteElo "1972"]
[BlackElo "1481"]
[PlyCount "83"]
[EventDate "2016.08.07"]
[EventType "swiss"]
[EventRounds "9"]
[EventCountry "CAN"]

1. e4 e5 2. Nf3 Nc6 3. Bc4 Bc5 4. c3 Nf6 5. d4 exd4 6. cxd4 Bb4+ 7. Bd2 Nxe4 8.
Bxb4 Nxb4 9. Bxf7+ Kxf7 10. Qb3+ d5 11. Qxb4 Re8 12. O-O Kg8 13. Ne5 Qf6 14.
Nc3 Nxc3 15. bxc3 b6 16. Rfe1 c5 17. Qb5 Bf5 18. Re3 a6 19. Qe2 cxd4 20. cxd4
Rec8 21. Rf3 Qg5 22. Qb2 Rc2 23. h4 Rxb2 24. hxg5 Be6 25. Rc3 Rf8 26. f3 Rd8
27. a3 g6 28. Re1 Bf5 29. Nc6 Rf8 30. Ne7+ Kh8 31. Nxd5 Rd8 32. Nf6 Kg7 33.
Rc7+ Kf8 34. Rxh7 Rc8 35. d5 Rd2 36. Ree7 Rc1+ 37. Kh2 Rxg2+ 38. Kxg2 Rc2+ 39.
Kg3 Rg2+ 40. Kxg2 Bh3+ 41. Kxh3 a5 42. Re8# 1-0

[Event "NAYCC U12"]
[Site "Windsor CAN"]
[Date "2016.08.08"]
[Round "3.99"]
[White "Liang, Justin"]
[Black "Singh, Hersh"]
[Result "1-0"]
[WhiteElo "1853"]
[BlackElo "1506"]
[PlyCount "105"]
[EventDate "2016.08.07"]
[EventType "swiss"]
[EventRounds "9"]
[EventCountry "CAN"]

1. d4 d5 2. c4 e6 3. Nf3 Nf6 4. Nc3 Be7 5. Bf4 O-O 6. e3 b6 7. Bd3 Bb7 8. O-O
Nbd7 9. h3 Rc8 10. Rc1 c5 11. cxd5 Nxd5 12. Bh2 cxd4 13. Nxd4 Nc5 14. Bb1 Bf6
15. Qg4 Qe7 16. Ncb5 e5 17. Nf5 Qe6 18. Nbd6 Rcd8 19. Rxc5 bxc5 20. Nh6+ Kh8
21. Ndxf7+ Qxf7 22. Nxf7+ Rxf7 23. Qh5 g6 24. Bxg6 Rg7 25. Be4 Nxe3 26. Bxb7
Nxf1 27. Bxe5 Bxe5 28. Qxe5 Rd1 29. g4 Rc1 30. Kg2 Nd2 31. Bd5 h6 32. Qe3 Kh7
33. Qd3+ Rg6 34. Bf7 Kg7 35. Qxg6+ Kf8 36. Qg8+ Ke7 37. Qe8+ Kf6 38. Qd8+ Kxf7
39. Qxd2 Ra1 40. a4 Ke7 41. b3 Ra3 42. Qb2 Rxa4 43. bxa4 c4 44. Qe5+ Kd7 45.
Qd5+ Ke7 46. Qxc4 a5 47. Qc6 h5 48. Kg3 h4+ 49. Kf4 Kf7 50. Qd6 Kg7 51. Qe6 Kh8
52. Qe7 Kg8 53. Kg5 1-0

[Event "NAYCC U12"]
[Site "Windsor CAN"]
[Date "2016.08.08"]
[Round "3.100"]
[White "Somalwar, Anaiy"]
[Black "Ge, Jared"]
[Result "1-0"]
[WhiteElo "1755"]
[BlackElo "1405"]
[PlyCount "59"]
[EventDate "2016.08.07"]
[EventType "swiss"]
[EventRounds "9"]
[EventCountry "CAN"]

1. d4 d5 2. Bf4 Nf6 3. e3 Bf5 4. c4 e6 5. Nc3 c6 6. Nf3 Nbd7 7. Be2 Be7 8. O-O
O-O 9. h3 b6 10. Nh4 Bg6 11. Nxg6 fxg6 12. Bh2 c5 13. Bf3 Nb8 14. dxc5 bxc5 15.
cxd5 Bd6 16. Bxd6 Qxd6 17. dxe6 Qxd1 18. Raxd1 Na6 19. e7 Rab8 20. exf8=Q+ Kxf8
21. Be2 Nc7 22. Rd2 Ne6 23. Bc4 Ke7 24. Bxe6 Kxe6 25. Rfd1 Rb6 26. Nd5 Nxd5 27.
Rxd5 Rxb2 28. Rd6+ Ke5 29. f3 Rxa2 30. R1d5# 1-0

[Event "NAYCC U12"]
[Site "Windsor CAN"]
[Date "2016.08.08"]
[Round "3.101"]
[White "Shi, William"]
[Black "Kobla, Akshay"]
[Result "1-0"]
[WhiteElo "1753"]
[BlackElo "1382"]
[PlyCount "59"]
[EventDate "2016.08.07"]
[EventType "swiss"]
[EventRounds "9"]
[EventCountry "CAN"]

1. e4 c5 2. Nf3 d6 3. d4 cxd4 4. Nxd4 Nf6 5. Nc3 g6 6. Be3 Bg7 7. f3 Nc6 8. Qd2
O-O 9. Bc4 Bd7 10. O-O-O Rc8 11. Bb3 Na5 12. h4 Nc4 13. Bxc4 Rxc4 14. h5 Qa5
15. hxg6 fxg6 16. Nb3 Qa6 17. Nd5 Qxa2 18. Qd3 Bb5 19. Nxf6+ Bxf6 20. Bd4 Rfc8
21. Bxf6 exf6 22. Qd5+ Kh8 23. Rxh7+ Kxh7 24. Qf7+ Kh6 25. Rh1+ Kg5 26. f4+
Kxf4 27. Qxf6+ Kxe4 28. Re1+ Kd5 29. Qf3+ Re4 30. Qxe4# 1-0

[Event "NAYCC U12"]
[Site "Windsor CAN"]
[Date "2016.08.08"]
[Round "3.102"]
[White "Ouyang, Nathan"]
[Black "Butchart, Kevin"]
[Result "0-1"]
[WhiteElo "1693"]
[BlackElo "1083"]
[PlyCount "106"]
[EventDate "2016.08.07"]
[EventType "swiss"]
[EventRounds "9"]
[EventCountry "CAN"]

1. e4 c5 2. Nf3 e6 3. d4 cxd4 4. Nxd4 Nf6 5. Nc3 Bb4 6. Bd3 Nc6 7. Nxc6 bxc6 8.
e5 Nd5 9. Bd2 Qa5 10. a3 Bxc3 11. bxc3 Nxc3 12. Qg4 Qxe5+ 13. Kf1 Ne4 14. Qxe4
Qxa1+ 15. Be1 d5 16. Qh4 Rb8 17. Ke2 Qe5+ 18. Kd2 Rb1 19. f4 Qf6 20. Qf2 O-O
21. g4 h6 22. h4 e5 23. f5 e4 24. Be2 d4 25. Qf4 Re8 26. Bc4 Qe5 27. Qf1 e3+
28. Ke2 Qe4 29. Bd3 Qxg4+ 30. Qf3 Qxf3+ 31. Kxf3 c5 32. Rg1 Bb7+ 33. Kf4 Bd5
34. c4 Rxe1 35. Rxe1 Bc6 36. Rg1 f6 37. h5 Kf7 38. Rb1 Kf8 39. Rg1 Rb8 40. a4
a5 41. Rd1 Rb4 42. Kg3 Rxa4 43. Kh2 Ra2+ 44. Kg1 Rd2 45. Rxd2 exd2 46. Bc2 d3
47. Bd1 a4 48. Kf2 a3 49. Ke3 a2 50. Kxd3 a1=Q 51. Kxd2 Ke7 52. Be2 Kd6 53. Ke3
Qd4# 0-1

[Event "NAYCC U12"]
[Site "Windsor CAN"]
[Date "2016.08.08"]
[Round "3.103"]
[White "Zhao, Jonathan"]
[Black "Renard, Christopher"]
[Result "1-0"]
[WhiteElo "1650"]
[BlackElo "799"]
[PlyCount "77"]
[EventDate "2016.08.07"]
[EventType "swiss"]
[EventRounds "9"]
[EventCountry "CAN"]

1. d4 d5 2. Nf3 Nf6 3. e3 a6 4. Bd3 g6 5. Nbd2 e6 6. O-O c5 7. c3 c4 8. Bc2 b5
9. Qe2 Nc6 10. a4 b4 11. e4 b3 12. Bb1 Qe7 13. Re1 Bh6 14. exd5 Nxd5 15. Qxc4
Bb7 16. Nxb3 Bxc1 17. Rxc1 Rc8 18. Qe2 Nf4 19. Qd2 Qf6 20. Nc5 Ba8 21. Ne4 Qe7
22. Qxf4 h6 23. Nd6+ Kd7 24. Nxc8 Kxc8 25. Be4 f5 26. Bxc6 Bxc6 27. Ne5 Ba8 28.
Nxg6 Qg7 29. Qg3 Rg8 30. Ne7+ Qxe7 31. Qxg8+ Kb7 32. Re1 Ka7 33. Rxe6 Qb7 34.
f3 Qxb2 35. Rae1 Qxc3 36. Rxa6+ Kxa6 37. Qxa8+ Kb6 38. Qb8+ Ka5 39. Qb5# 1-0

[Event "NAYCC U12"]
[Site "Windsor CAN"]
[Date "2016.08.08"]
[Round "3.105"]
[White "Dong, Leo"]
[Black "Yeung, Wesley"]
[Result "0-1"]
[WhiteElo "784"]
[BlackElo "1515"]
[PlyCount "78"]
[EventDate "2016.08.07"]
[EventType "swiss"]
[EventRounds "9"]
[EventCountry "CAN"]

1. Nf3 Nf6 2. c4 g6 3. Nc3 Bg7 4. g3 d5 5. Bg2 Nc6 6. cxd5 Nxd5 7. Nxd5 Qxd5 8.
O-O O-O 9. d4 Nxd4 10. Nxd4 Qxd4 11. Qc2 c6 12. Rd1 Qf6 13. Be3 Bf5 14. Qb3
Qxb2 15. Rab1 Qxb3 16. Rxb3 Bc2 17. Rd7 Bxb3 18. axb3 Rfd8 19. Rxe7 Rd1+ 20.
Bf1 b5 21. Bxa7 Bf6 22. Rc7 Bd8 23. Rb7 Rb1 24. Bb6 Bxb6 25. Rxb6 Raa1 26. Rxc6
Rxf1+ 27. Kg2 Rg1+ 28. Kf3 Ra3 29. Rc3 Rb1 30. Rc8+ Kg7 31. e3 Rbxb3 32. Rb8
Rb1 33. Ke2 Ra2+ 34. Kd3 Rxf2 35. h4 b4 36. Kc4 b3 37. Kc3 Rc1+ 38. Kxb3 Rb1+
39. Ka3 Rxb8 0-1

[Event "NAYCC U12"]
[Site "Windsor CAN"]
[Date "2016.08.08"]
[Round "3.106"]
[White "Jeyakumar, Bhavatharshan"]
[Black "Nair, Siddhant"]
[Result "1-0"]
[WhiteElo "1390"]
[BlackElo "1825"]
[PlyCount "77"]
[EventDate "2016.08.07"]
[EventType "swiss"]
[EventRounds "9"]
[EventCountry "CAN"]

1. e4 c5 2. c3 d6 3. d4 cxd4 4. cxd4 Nf6 5. Nc3 g6 6. Nf3 Bg7 7. Bd3 O-O 8. O-O
Nc6 9. Be3 Bd7 10. h3 Rc8 11. Rc1 a6 12. a3 b5 13. b4 Rc7 14. d5 Ne5 15. Nxe5
dxe5 16. Bb6 Ne8 17. Bxc7 Nxc7 18. a4 Qb8 19. axb5 axb5 20. Qe2 Rc8 21. Rfd1 f5
22. f3 Bh6 23. Rc2 Qb6+ 24. Kh1 Be3 25. Nxb5 Nxb5 26. Rxc8+ Bxc8 27. Bxb5 f4
28. Qc4 Qd8 29. d6+ Kg7 30. d7 Bb7 31. Qe6 Bd4 32. Bc4 Kh6 33. Bb5 Kg7 34. Rc1
Be3 35. Qxe5+ Kh6 36. Rc7 Qb8 37. h4 e6 38. Qg5+ Kg7 39. d8=Q+ 1-0

[Event "NAYCC U12"]
[Site "Windsor CAN"]
[Date "2016.08.08"]
[Round "3.107"]
[White "Li, Si"]
[Black "Huang, Andrew"]
[Result "1/2-1/2"]
[WhiteElo "1366"]
[BlackElo "1754"]
[PlyCount "86"]
[EventDate "2016.08.07"]
[EventType "swiss"]
[EventRounds "9"]
[EventCountry "CAN"]

1. e4 c5 2. Nc3 Nc6 3. f4 d6 4. Bc4 Nf6 5. Nf3 a6 6. d3 Bg4 7. h3 Bxf3 8. Qxf3
Nd4 9. Qd1 b5 10. Bb3 Nxb3 11. axb3 g6 12. O-O Bg7 13. Qe1 O-O 14. e5 dxe5 15.
fxe5 Nd5 16. e6 Nxc3 17. bxc3 f5 18. Bf4 Qd5 19. Rf3 b4 20. d4 bxc3 21. Be5
cxd4 22. Bxg7 Kxg7 23. Rd3 Rfd8 24. Ra4 Qc6 25. Rc4 Qb5 26. Rc7 Re8 27. Qh4 Qb4
28. Rxd4 Qa3 29. Rdd7 Qc1+ 30. Kh2 g5 31. Qd4+ Kg6 32. Rxe7 Rxe7 33. Rxe7 Qf4+
34. Qxf4 gxf4 35. Rc7 Re8 36. Rc6 Kf6 37. e7+ Kxe7 38. Rxc3 Kd6 39. Rd3+ Kc5
40. Rf3 Re4 41. Kg1 Kd5 42. Kf2 Ke5 43. Rd3 a5 1/2-1/2

[Event "NAYCC U12"]
[Site "Windsor CAN"]
[Date "2016.08.08"]
[Round "3.108"]
[White "Cyrenne, Cole"]
[Black "Shi, David"]
[Result "1-0"]
[WhiteElo "922"]
[BlackElo "1309"]
[PlyCount "83"]
[EventDate "2016.08.07"]
[EventType "swiss"]
[EventRounds "9"]
[EventCountry "CAN"]

1. b3 d5 2. Bb2 Nf6 3. Nf3 Bg4 4. h3 Bh5 5. e3 e6 6. Be2 Be7 7. d4 O-O 8. O-O
Nbd7 9. Nbd2 Rc8 10. c4 c6 11. Qc2 Bg6 12. Bd3 b5 13. c5 Bxd3 14. Qxd3 h6 15.
b4 Qc7 16. a4 Rb8 17. Rfe1 Rb7 18. e4 dxe4 19. Nxe4 Nxe4 20. Rxe4 Nf6 21. Re2
Nd5 22. Qd2 Rfb8 23. a5 Bf6 24. a6 Qf4 25. axb7 Qxd2 26. Rxd2 Nxb4 27. Rxa7 Kh7
28. Ne5 Bxe5 29. dxe5 Nd5 30. f4 Kg6 31. Rxd5 exd5 32. g4 h5 33. gxh5+ Kxh5 34.
f5 Kg5 35. e6 Kxf5 36. exf7 Kg6 37. Ra8 Rxb7 38. f8=Q Rd7 39. Qe8+ Rf7 40.
Qxc6+ Kh7 41. Qxd5 g6 42. Rh8# 1-0

[Event "NAYCC U12"]
[Site "Windsor CAN"]
[Date "2016.08.08"]
[Round "3.109"]
[White "Boyd, Alexander"]
[Black "Liu, Bowser"]
[Result "0-1"]
[WhiteElo "1247"]
[BlackElo "895"]
[PlyCount "100"]
[EventDate "2016.08.07"]
[EventType "swiss"]
[EventRounds "9"]
[EventCountry "CAN"]

1. e4 e6 2. Nf3 d5 3. Nc3 Bd7 4. d4 c5 5. Bd3 Nc6 6. Bb5 Qb6 7. O-O a6 8. Ba4
c4 9. Bxc6 Qxc6 10. Ne5 Qc7 11. Bf4 g5 12. Qh5 Bb5 13. Nxb5 axb5 14. Bg3 Nh6
15. Ng6 Qa5 16. Nxh8 c3 17. b3 Qa3 18. Nxf7 Nxf7 19. Qxh7 Qb2 20. a4 bxa4 21.
e5 Ra6 22. Rfb1 axb3 23. cxb3 Rxa1 24. Rf1 Qc1 25. Qd3 Qxf1+ 26. Qxf1 Rxf1+ 27.
Kxf1 c2 28. Ke1 c1=Q+ 29. Ke2 Qc2+ 30. Kf3 Qxb3+ 31. Ke2 b5 32. h4 gxh4 33.
Bxh4 Qc2+ 34. Ke3 b4 35. Bf6 b3 36. g4 b2 37. g5 Nxg5 38. Bxg5 Qc1+ 39. Kd3
b1=B+ 40. Ke2 Qxg5 41. f3 Qg2+ 42. Ke3 Bh6+ 43. f4 Qe4+ 44. Kd2 Qf3 45. Kc1 Qe2
46. Kxb1 Kd7 47. f5 exf5 48. e6+ Kxe6 49. Ka1 Bc1 50. Kb1 Qb2# 0-1

[Event "NAYCC U12"]
[Site "Windsor CAN"]
[Date "2016.08.08"]
[Round "3.110"]
[White "Xing, Kun"]
[Black "Wang, Kevin"]
[Result "0-1"]
[WhiteElo "880"]
[BlackElo "1158"]
[PlyCount "68"]
[EventDate "2016.08.07"]
[EventType "swiss"]
[EventRounds "9"]
[EventCountry "CAN"]

1. e4 c5 2. Nf3 d6 3. d4 cxd4 4. Nxd4 Nf6 5. Nc3 g6 6. Bg5 Bg7 7. Be2 Nc6 8.
O-O O-O 9. f3 Nxe4 10. Nxe4 Bxd4+ 11. Nf2 Bxb2 12. Rb1 Bg7 13. Re1 Qc7 14. Bb5
Be6 15. c4 Rfe8 16. Rc1 Rad8 17. Qe2 a6 18. Ba4 Qa5 19. Bb3 Nd4 20. Qe3 Nxb3
21. axb3 Qc5 22. Qxc5 dxc5 23. Be3 Bd4 24. Bh6 Bf5 25. Bg5 f6 26. Be3 e5 27.
Bxd4 exd4 28. Rxe8+ Rxe8 29. g4 Bd7 30. Kg2 Re3 31. Rd1 Bc6 32. Kg3 Rxf3+ 33.
Kg2 Rxb3+ 34. Kf1 Rc3 0-1